[Event "BL 2018-19"]
[Site "Berlin"]
[Date "2019.03.01"]
[Round "9.10"]
[White "Alekseev, Evgeny"]
[Black "Van Wely, Loek"]
[Result "1/2-1/2"]
[WhiteElo "2620"]
[BlackElo "2622"]
[Annotator "RC"]
[PlyCount "97"]
[EventDate "2018.11.10"]
[EventType "team-tourn"]
[EventCountry "GER"]
[SourceTitle "playchess.com"]
[Source "ChessBase"]
[SourceQuality "1"]
[WhiteTeam "Duesseldorf"]
[BlackTeam "Solingen"]
[TimeControl "40/6000+30:3000+30"]

1. c4 {[%emt 0:00:00]} c5 {[%emt 0:02:26]} 2. g3 {[%emt 0:02:13]} g6 {[%emt 0:05:27]} 3. Bg2 {[%emt 0:01:47]} Bg7 {[%emt 0:00:08]} 4. Nc3 {[%emt 0:00:20]} Nc6 {[%emt 0:00:38]} 5. d3 {[%emt 0:01:17]} h5 {[%emt 0:03:45]} 6. h3 {[%emt 0:12:22]} d6 {[%emt 0:02:12]} 7. e3 {[%emt 0:02:58]} e5 {[%emt 0:03:56]} 8. Nge2 {[%emt 0:03:16]} Nge7 {[%emt 0:03:48]} 9. a3 {[%emt 0:05:30]} O-O {[%emt 0:03:58]} 10. Rb1 {[%emt 0:09:07]} a5 {[%emt 0:03:15]} 11. O-O {[%emt 0:04:23]} Rb8 {[%emt 0:05:38]} 12. Bd2 {[%emt 0:15:10]} Be6 {[%emt 0:23:45]} 13. Qb3 {[%emt 0:00:50]} f5 {[%emt 0:12:31]} 14. h4 {[%emt 0:03:03]} Kh8 {[%emt 0:03:43]} 15. Nd5 {[%emt 0:10:28]} Nxd5 {[%emt 0:08:31]} 16. cxd5 {[%emt 0:01:54]} Bg8 {[%emt 0:00:27]} 17. Qb5 {[%emt 0:03:47]} Ne7 {[%emt 0:00:09]} 18. e4 {[%emt 0:00:38]} b6 {[%emt 0:01:12]} 19. b4 {[%emt 0:04:36]} axb4 {[%emt 0:00:47]} 20. axb4 {[%emt 0:00:06]} Bf7 {[%emt 0:01:03]} 21. Bg5 {[%emt 0:03:22]} Qc7 {[%emt 0:00:42]} 22. Rfc1 {[%emt 0:03:45]} Be8 {[%emt 0:01:49]} 23. Qa6 {[%emt 0:03:53]} fxe4 {[%emt 0:03:33]} 24. dxe4 {[%emt 0:02:26]} Ng8 {[%emt 0:00:26]} 25. bxc5 {[%emt 0:02:16]} dxc5 {[%emt 0:02:56]} 26. Nc3 {[%emt 0:02:52]} Nh6 {[%emt 0:04:43]} 27. Rc2 {[%emt 0:07:16]} Nf7 {[%emt 0:01:01]} 28. Rcb2 {[%emt 0:00:04]} Nxg5 {[%emt 0:01:22]} 29. hxg5 {[%emt 0:00:06]} Qe7 {[%emt 0:00:13]} 30. Rxb6 {[%emt 0:00:39]} Rxb6 {[%emt 0:00:25]} 31. Qxb6 {[%emt 0:00:31]} Qxg5 {[%emt 0:00:07]} 32. Qxc5 {[%emt 0:00:47]} h4 {[%emt 0:02:02]} 33. gxh4 {[%emt 0:00:48]} Qxh4 {[%emt 0:00:03]} 34. Rb8 {[%emt 0:01:30]} Qf4 {[%emt 0:05:15]} 35. Ne2 {[%emt 0:00:19]} Qd2 {[%emt 0:01:36]} 36. Ng3 {[%emt 0:00:23]} Qd4 {[%emt 0:00:57]} 37. Rc8 {[%emt 0:02:07]} Kh7 {[%emt 0:00:15]} 38. Qxd4 {[%emt 0:01:21]} exd4 {[%emt 0:00:02]} 39. Bf1 {[%emt 0:00:19]} Ba4 {[%emt 0:03:32]} 40. Rxf8 {[%emt 0:00:49]} Bxf8 {[%emt 0:00:02]} 41. Bd3 {[%emt 0:50:41]} Bd6 {[%emt 0:09:51]} 42. Ne2 {[%emt 0:00:00]} Kg7 {[%emt 0:00:53]} 43. f4 {[%emt 0:00:00]} Kf6 {[%emt 0:12:31]} 44. Kf2 {[%emt 0:00:00]} g5 {[%emt 0:00:30]} 45. e5+ {[%emt 0:00:00]} Bxe5 {[%emt 0:00:05]} 46. fxe5+ {[%emt 0:00:00]} Kxe5 {[%emt 0:00:09]} 47. Bc4 {[%emt 0:00:00]} Bc2 {[%emt 0:01:39]} 48. Nc1 {[%emt 0:00:00]} Be4 {[%emt 0:00:33]} 49. Nd3+ {[%emt 0:00:00]} 1/2-1/2

[Event "BL 2018-19"]
[Site "Berlin"]
[Date "2019.03.01"]
[Round "9.11"]
[White "Edouard, Romain"]
[Black "Beerdsen, Thomas"]
[Result "1/2-1/2"]
[WhiteElo "2636"]
[BlackElo "2474"]
[Annotator "ChessBase"]
[PlyCount "128"]
[EventDate "2018.11.10"]
[EventType "team-tourn"]
[EventCountry "GER"]
[SourceTitle "playchess.com"]
[Source "ChessBase"]
[SourceQuality "1"]
[WhiteTeam "Werder Bremen"]
[BlackTeam "Muelheim"]
[TimeControl "40/6000+30:3000+30"]

1. e4 {[%emt 0:01:38]} c5 {[%emt 0:00:00]} 2. Nf3 {[%emt 0:00:06]} e6 {[%emt 0:00:00]} 3. d4 {[%emt 0:00:38]} cxd4 {[%emt 0:00:00]} 4. Nxd4 {[%emt 0:00:02]} Nc6 {[%emt 0:00:09]} 5. c4 {[%emt 0:00:14]} Nf6 {[%emt 0:01:54]} 6. Nc3 {[%emt 0:01:17]} Qc7 {[%emt 0:00:15]} 7. Ndb5 {[%emt 0:00:53]} Qb8 {[%emt 0:01:50]} 8. Be2 {[%emt 0:01:17]} a6 {[%emt 0:02:18]} 9. Nd4 {[%emt 0:01:06]} Bd6 {[%emt 0:05:04]} 10. Be3 {[%emt 0:03:14]} O-O {[%emt 0:06:08]} 11. a3 {[%emt 0:04:57]} Rd8 {[%emt 0:07:08]} 12. g3 {[%emt 0:23:53]} Bc7 {[%emt 0:09:08]} 13. O-O {[%emt 0:06:20]} h6 {[%emt 0:10:34]} 14. f4 {[%emt 0:13:30]} Bb6 {[%emt 0:07:55]} 15. b4 {[%emt 0:07:48]} d6 {[%emt 0:05:11]} 16. Kg2 {[%emt 0:05:08]} Qa7 {[%emt 0:04:47]} 17. Nxc6 {[%emt 0:03:09]} bxc6 {[%emt 0:00:04]} 18. Bxb6 {[%emt 0:00:35]} Qxb6 {[%emt 0:00:05]} 19. Qd3 {[%emt 0:01:47]} c5 {[%emt 0:08:49]} 20. Rab1 {[%emt 0:01:11]} Bd7 {[%emt 0:04:06]} 21. Rfd1 {[%emt 0:02:03]} Bc6 {[%emt 0:04:23]} 22. Bf3 {[%emt 0:00:08]} cxb4 {[%emt 0:02:10]} 23. axb4 {[%emt 0:00:08]} Rac8 {[%emt 0:00:56]} 24. Qd4 {[%emt 0:05:41]} Qc7 {[%emt 0:03:04]} 25. Rdc1 {[%emt 0:01:24]} Bb7 {[%emt 0:09:17]} 26. Nd1 {[%emt 0:00:19]} e5 {[%emt 0:02:35]} 27. Qd3 {[%emt 0:00:10]} exf4 {[%emt 0:01:42]} 28. gxf4 {[%emt 0:00:03]} d5 {[%emt 0:04:03]} 29. exd5 {[%emt 0:01:53]} Qxf4 {[%emt 0:00:08]} 30. Rc3 {[%emt 0:01:39]} Ng4 {[%emt 0:02:09]} 31. Bxg4 {[%emt 0:01:05]} Qxg4+ {[%emt 0:00:16]} 32. Kf1 {[%emt 0:00:09]} Rd6 {[%emt 0:02:58]} 33. Nf2 {[%emt 0:00:13]} Rf6 {[%emt 0:00:24]} 34. Rbc1 {[%emt 0:05:40]} Re8 {[%emt 0:01:10]} 35. R1c2 {[%emt 0:01:53]} Re5 {[%emt 0:02:00]} 36. Re2 {[%emt 0:01:03]} Ref5 {[%emt 0:00:04]} 37. Qe3 {[%emt 0:02:08]} Kh7 {[%emt 0:01:26]} 38. h3 {[%emt 0:03:56]} Qg6 {[%emt 0:02:23]} 39. Qd3 {[%emt 0:00:54]} Bc8 {[%emt 0:01:06]} 40. Ke1 {[%emt 0:00:58]} Qg1+ {[%emt 0:01:22]} 41. Kd2 {[%emt 0:50:02]} Qa1 {[%emt 0:08:10]} 42. Nd1 {[%emt 0:00:00]} Rg6 {[%emt 0:05:00]} 43. Ra3 {[%emt 0:00:00]} Qf6 {[%emt 0:00:14]} 44. Qc3 {[%emt 0:00:00]} Qg5+ {[%emt 0:03:12]} 45. Ne3 {[%emt 0:00:00]} Re5 {[%emt 0:03:20]} 46. Qd4 {[%emt 0:00:00]} Qe7 {[%emt 0:04:05]} 47. Qc5 {[%emt 0:00:00]} Qe8 {[%emt 0:01:36]} 48. Ra1 {[%emt 0:00:00]} Re4 {[%emt 0:03:51]} 49. Rae1 {[%emt 0:00:00]} Qe5 {[%emt 0:00:34]} 50. Nc2 {[%emt 0:00:00]} Qf4+ {[%emt 0:04:01]} 51. Kc3 {[%emt 0:00:00]} Qe5+ {[%emt 0:00:40]} 52. Kd2 {[%emt 0:00:00]} Bf5 {[%emt 0:03:17]} 53. Qf2 {[%emt 0:00:00]} Rg5 {[%emt 0:04:03]} 54. Qf3 {[%emt 0:00:00]} Rxe2+ {[%emt 0:02:18]} 55. Rxe2 {[%emt 0:00:00]} Qb2 {[%emt 0:00:44]} 56. Qc3 {[%emt 0:00:00]} Qb1 {[%emt 0:00:21]} 57. Nd4 {[%emt 0:01:09]} Bg6 {[%emt 0:02:18]} 58. Qb3 {[%emt 0:02:21]} Qa1 {[%emt 0:00:36]} 59. Qc3 {[%emt 0:06:00]} Qa2+ {[%emt 0:00:50]} 60. Nc2 {[%emt 0:00:02]} Rg1 {[%emt 0:01:28]} 61. d6 {[%emt 0:00:02]} Qb1 {[%emt 0:04:31]} 62. Ne1 {[%emt 0:00:01]} Qa2+ {[%emt 0:00:36]} 63. Nc2 {[%emt 0:00:12]} Qb1 {[%emt 0:00:40]} 64. Ne1 {[%emt 0:00:02]} Qa2+ {[%emt 0:00:06]} 1/2-1/2

[Event "BL 2018-19"]
[Site "Berlin"]
[Date "2019.03.01"]
[Round "9.11"]
[White "Predojevic, Borki"]
[Black "Berelowitsch, Alexander"]
[Result "1-0"]
[WhiteElo "2626"]
[BlackElo "2520"]
[Annotator "ChessBase"]
[PlyCount "81"]
[EventDate "2018.11.10"]
[EventType "team-tourn"]
[EventCountry "GER"]
[SourceTitle "playchess.com"]
[Source "ChessBase"]
[SourceQuality "1"]
[WhiteTeam "Solingen"]
[BlackTeam "Duesseldorf"]
[TimeControl "40/6000+30:3000+30"]

1. e4 {[%emt 0:00:00]} e6 {[%emt 0:00:01]} 2. d4 {[%emt 0:00:00]} d5 {[%emt 0:00:05]} 3. Nd2 {[%emt 0:00:00]} c5 {[%emt 0:00:34]} 4. Ngf3 {[%emt 0:00:55]} Nc6 {[%emt 0:06:49]} 5. exd5 {[%emt 0:01:14]} exd5 {[%emt 0:00:17]} 6. Bb5 {[%emt 0:00:08]} Qe7+ {[%emt 0:00:09]} 7. Be2 {[%emt 0:02:07]} Nf6 {[%emt 0:00:21]} 8. O-O {[%emt 0:02:01]} Qc7 {[%emt 0:00:19]} 9. dxc5 {[%emt 0:04:04]} Bxc5 {[%emt 0:02:14]} 10. Nb3 {[%emt 0:01:01]} Be7 {[%emt 0:03:43]} 11. Bg5 {[%emt 0:02:22]} O-O {[%emt 0:01:34]} 12. c3 {[%emt 0:00:09]} Be6 {[%emt 0:08:55]} 13. Re1 {[%emt 0:04:33]} Rae8 {[%emt 0:11:12]} 14. Bd3 {[%emt 0:17:37]} Bg4 {[%emt 0:14:24]} 15. h3 {[%emt 0:08:55]} Bh5 {[%emt 0:20:38]} 16. Bxf6 {[%emt 0:17:01]} Bxf6 {[%emt 0:01:04]} 17. Rxe8 {[%emt 0:02:10]} Rxe8 {[%emt 0:00:47]} 18. g4 {[%emt 0:00:41]} Bg6 {[%emt 0:04:10]} 19. Bxg6 {[%emt 0:01:45]} hxg6 {[%emt 0:00:37]} 20. Qxd5 {[%emt 0:00:05]} Ne5 {[%emt 0:04:41]} 21. Nxe5 {[%emt 0:15:26]} Rxe5 {[%emt 0:01:04]} 22. Qf3 {[%emt 0:00:06]} a5 {[%emt 0:03:01]} 23. Nd4 {[%emt 0:06:43]} a4 {[%emt 0:01:04]} 24. Rd1 {[%emt 0:02:35]} Kh7 {[%emt 0:06:57]} 25. Kg2 {[%emt 0:06:36]} Qe7 {[%emt 0:00:45]} 26. a3 {[%emt 0:01:24]} Kg8 {[%emt 0:07:52]} 27. Rd2 {[%emt 0:03:08]} Qd7 {[%emt 0:01:01]} 28. Qd1 {[%emt 0:06:24]} Re4 {[%emt 0:03:03]} 29. Nf3 {[%emt 0:01:26]} Qb5 {[%emt 0:01:12]} 30. Qf1 {[%emt 0:01:25]} Qc6 {[%emt 0:05:12]} 31. Qd3 {[%emt 0:00:09]} Re6 {[%emt 0:00:23]} 32. Qd7 {[%emt 0:02:30]} Qxd7 {[%emt 0:01:09]} 33. Rxd7 {[%emt 0:00:04]} b6 {[%emt 0:00:36]} 34. Ra7 {[%emt 0:01:13]} Be7 {[%emt 0:00:32]} 35. Kf1 {[%emt 0:00:20]} Bc5 {[%emt 0:00:30]} 36. Ra8+ {[%emt 0:00:38]} Bf8 {[%emt 0:00:22]} 37. Rxa4 {[%emt 0:00:08]} Rf6 {[%emt 0:00:22]} 38. Ng5 {[%emt 0:01:03]} Rc6 {[%emt 0:00:44]} 39. Ra8 {[%emt 0:00:26]} f6 {[%emt 0:00:32]} 40. Nf3 {[%emt 0:00:06]} Kf7 {[%emt 0:00:30]} 41. Nd4 {[%emt 0:50:15]} 1-0

[Event "BL 2018-19"]
[Site "Berlin"]
[Date "2019.03.01"]
[Round "9.12"]
[White "Orlov, Andrey"]
[Black "Andersen, Mads"]
[Result "1/2-1/2"]
[WhiteElo "2497"]
[BlackElo "2594"]
[Annotator "TA"]
[PlyCount "41"]
[EventDate "2018.11.10"]
[EventType "team-tourn"]
[EventCountry "GER"]
[SourceTitle "playchess.com"]
[Source "ChessBase"]
[SourceQuality "1"]
[WhiteTeam "Duesseldorf"]
[BlackTeam "Solingen"]

{[%evp 14,41,0,0,21,0,12,0,17,-19,-20,-22,-13,-32,-31,-28,-29,-31,-26,-30,-14,-21,-8,-13,0,-36,-6,-47,-16,-14]} 1. e4 c5 2. Nf3 d6 3. g3 Nf6 4. d3 g6 5. Bg2 Nc6 6. O-O Bg7 7. Nbd2 O-O 8. a4 e6 {A05: Réti Opening: 1 Nf3 Nf6} (8... Rb8 9. Nc4 Be6 10. Ne3 a6 11. Ng5 Bd7 12. f4 b5 13. axb5 axb5 14. Kh1 Qc7 15. Bd2 b4 16. b3 Nd4 17. Rc1 {0-1 (31) Kasimdzhanov,R (2700)-Radjabov,T (2724) Dubai 2014}) 9. c3 b6 10. Re1 Ba6 $146 ({Predecessor:} 10... Bb7 11. Nf1 Qc7 12. Bg5 h6 13. Bf4 e5 14. Bd2 Rad8 15. Qc1 Kh7 16. d4 Na5 17. dxe5 dxe5 18. Qc2 Ba6 {1-0 (51) Pejko,O (2158)-Zavacky,P (2111) Kosice 2010}) 11. Nf1 Ne5 12. c4 Bb7 13. Rb1 Nfd7 14. Ne3 Qc7 15. Nc2 Nxf3+ 16. Bxf3 Ne5 17. Bg2 Nc6 18. Bd2 Qd7 19. b3 Rad8 20. Bg5 Rde8 (20... f6 $5 {[%cal Rf6g5]} 21. Bc1 e5 $11) 21. Be3 {Accuracy: White = 58%, Black = 27%.} 1/2-1/2

[Event "BL 2018-19"]
[Site "Berlin"]
[Date "2019.03.01"]
[Round "9.12"]
[White "Vrolijk, Liam"]
[Black "Hracek, Zbynek"]
[Result "1/2-1/2"]
[WhiteElo "2445"]
[BlackElo "2569"]
[Annotator "TA"]
[PlyCount "44"]
[EventDate "2018.11.10"]
[EventType "team-tourn"]
[EventCountry "GER"]
[SourceTitle "playchess.com"]
[Source "ChessBase"]
[SourceQuality "1"]
[WhiteTeam "Muelheim"]
[BlackTeam "Werder Bremen"]

{[%evp 21,44,21,42,18,18,-13,-12,-8,-8,-18,-10,-13,-1,-9,-8,-35,-31,-16,-28,-13,-8,-7,-15,-49,-57]} 1. d4 Nf6 2. c4 e6 3. Nf3 d5 4. Nc3 Be7 5. Bf4 O-O 6. e3 b6 7. Bd3 dxc4 {D37: Queen's Gambit Declined: 5 Bf4} 8. Bxc4 Ba6 9. Bxa6 Nxa6 10. Qe2 Qc8 11. O-O c5 {LiveBook: 7 Games} 12. Rac1 (12. Nb5 Qb7 13. a3 Ne4 14. Rac1 Rac8 15. Ne5 {½-½ (23) Carlsen,M (2835)-Nakamura,H (2746) St Petersburg 2018}) 12... Qb7 13. dxc5 Nxc5 $146 ({Predecessor:} 13... bxc5 14. Rfd1 Rfd8 15. Ne5 Rxd1+ 16. Rxd1 Rd8 17. Rxd8+ Bxd8 18. Nb5 Be7 19. a4 Nb4 20. Nc4 {½-½ (20) Lundstedt,P (2109)-Walinder,L (2191) Malmo 2017}) 14. b4 Ncd7 15. a3 a5 16. Qb5 Qa6 17. Qxa6 Rxa6 18. Rb1 Rc8 19. Nb5 axb4 20. axb4 Nd5 21. Bd6 $1 Kf8 22. Bxe7+ Kxe7 {Precision: White = 36%, Black = 64%.} 1/2-1/2

[Event "BL 2018-19"]
[Site "Berlin"]
[Date "2019.03.01"]
[Round "9.13"]
[White "Smeets, Jan"]
[Black "Miedema, David"]
[Result "1-0"]
[WhiteElo "2602"]
[BlackElo "2381"]
[Annotator "RC"]
[PlyCount "69"]
[EventDate "2018.11.10"]
[EventType "team-tourn"]
[EventCountry "GER"]
[SourceTitle "playchess.com"]
[Source "ChessBase"]
[SourceQuality "1"]
[WhiteTeam "Solingen"]
[BlackTeam "Duesseldorf"]
[TimeControl "40/6000+30:3000+30"]

1. e4 {[%emt 0:00:00]} c5 {[%emt 0:00:00]} 2. Nf3 {[%emt 0:00:00]} Nc6 {[%emt 0:00:00]} 3. d4 {[%emt 0:00:45]} cxd4 {[%emt 0:00:00]} 4. Nxd4 {[%emt 0:00:03]} Nf6 {[%emt 0:00:00]} 5. Nc3 {[%emt 0:00:06]} e5 {[%emt 0:00:00]} 6. Ndb5 {[%emt 0:00:21]} d6 {[%emt 0:00:00]} 7. Bg5 {[%emt 0:02:34]} a6 {[%emt 0:00:32]} 8. Na3 {[%emt 0:00:04]} b5 {[%emt 0:00:10]} 9. Nd5 {[%emt 0:00:31]} Be7 {[%emt 0:00:07]} 10. Bxf6 {[%emt 0:00:08]} Bxf6 {[%emt 0:00:04]} 11. c4 {[%emt 0:02:18]} b4 {[%emt 0:00:07]} 12. Nc2 {[%emt 0:00:05]} O-O {[%emt 0:01:03]} 13. g3 {[%emt 0:13:04]} Bg5 {[%emt 0:07:37]} 14. h4 {[%emt 0:18:40]} Bh6 {[%emt 0:00:05]} 15. Bh3 {[%emt 0:03:01]} Be6 {[%emt 0:02:40]} 16. Kf1 {[%emt 0:00:46]} a5 {[%emt 0:03:07]} 17. Kg2 {[%emt 0:02:40]} Nb8 {[%emt 0:16:09]} 18. Nce3 {[%emt 0:23:11]} Bxe3 {[%emt 0:01:30]} 19. Nxe3 {[%emt 0:00:05]} Na6 {[%emt 0:10:25]} 20. Bf5 {[%emt 0:08:40]} g6 {[%emt 0:13:20]} 21. Bxe6 {[%emt 0:06:34]} fxe6 {[%emt 0:00:04]} 22. h5 {[%emt 0:00:18]} Nc5 {[%emt 0:03:55]} 23. hxg6 {[%emt 0:04:30]} hxg6 {[%emt 0:00:05]} 24. Rh4 {[%emt 0:08:55]} Kg7 {[%emt 0:03:55]} 25. Qe2 {[%emt 0:07:40]} Rh8 {[%emt 0:02:19]} 26. Rxh8 {[%emt 0:01:08]} Qxh8 {[%emt 0:00:15]} 27. Rh1 {[%emt 0:02:24]} Qg8 {[%emt 0:10:18]} 28. Qg4 {[%emt 0:02:15]} Rf8 {[%emt 0:00:37]} 29. Qh4 {[%emt 0:00:58]} Qf7 {[%emt 0:03:24]} 30. f4 {[%emt 0:01:48]} Nxe4 {[%emt 0:11:41]} 31. Ng4 {[%emt 0:00:27]} Qg8 {[%emt 0:00:04]} 32. fxe5 {[%emt 0:00:33]} dxe5 {[%emt 0:01:55]} 33. Qh6+ {[%emt 0:00:19]} Kf7 {[%emt 0:00:09]} 34. Qe3 {[%emt 0:00:11]} Nd6 {[%emt 0:01:01]} 35. Nh6+ {[%emt 0:00:04]} 1-0

[Event "BL 2018-19"]
[Site "Berlin"]
[Date "2019.03.01"]
[Round "9.13"]
[White "Babula, Vlastimil"]
[Black "Hausrath, Daniel"]
[Result "1/2-1/2"]
[WhiteElo "2538"]
[BlackElo "2493"]
[Annotator "ChessBase"]
[PlyCount "59"]
[EventDate "2018.11.10"]
[EventType "team-tourn"]
[EventCountry "GER"]
[SourceTitle "playchess.com"]
[Source "ChessBase"]
[SourceQuality "1"]
[WhiteTeam "Werder Bremen"]
[BlackTeam "Muelheim"]
[TimeControl "40/6000+30:3000+30"]

1. d4 {[%emt 0:00:00]} Nf6 {[%emt 0:00:00]} 2. c4 {[%emt 0:00:00]} g6 {[%emt 0:00:00]} 3. Nc3 {[%emt 0:00:00]} Bg7 {[%emt 0:00:03]} 4. e4 {[%emt 0:00:14]} d6 {[%emt 0:00:07]} 5. Nf3 {[%emt 0:00:24]} O-O {[%emt 0:00:08]} 6. Be2 {[%emt 0:00:12]} c5 {[%emt 0:00:26]} 7. O-O {[%emt 0:00:30]} Re8 {[%emt 0:00:17]} 8. h3 {[%emt 0:06:08]} cxd4 {[%emt 0:11:53]} 9. Nxd4 {[%emt 0:00:13]} Nc6 {[%emt 0:00:05]} 10. Be3 {[%emt 0:01:04]} Bd7 {[%emt 0:00:32]} 11. Re1 {[%emt 0:09:46]} Nxd4 {[%emt 0:07:24]} 12. Bxd4 {[%emt 0:00:12]} Bc6 {[%emt 0:00:37]} 13. Qc2 {[%emt 0:04:16]} a5 {[%emt 0:13:24]} 14. Rad1 {[%emt 0:01:45]} Qc7 {[%emt 0:02:54]} 15. b3 {[%emt 0:12:10]} Nd7 {[%emt 0:12:12]} 16. Bxg7 {[%emt 0:03:41]} Kxg7 {[%emt 0:00:04]} 17. Qb2 {[%emt 0:11:30]} Kg8 {[%emt 0:07:21]} 18. Bg4 {[%emt 0:01:02]} Nf6 {[%emt 0:14:32]} 19. Re3 {[%emt 0:07:30]} Qb6 {[%emt 0:13:24]} 20. Be2 {[%emt 0:11:12]} Qc5 {[%emt 0:01:59]} 21. a3 {[%emt 0:03:45]} Qe5 {[%emt 0:01:51]} 22. b4 {[%emt 0:02:17]} axb4 {[%emt 0:00:28]} 23. axb4 {[%emt 0:00:07]} Bd7 {[%emt 0:02:55]} 24. Qc1 {[%emt 0:07:54]} Rec8 {[%emt 0:02:49]} 25. Nd5 {[%emt 0:02:42]} Nxd5 {[%emt 0:01:13]} 26. exd5 {[%emt 0:00:22]} Qf6 {[%emt 0:01:08]} 27. Rf3 {[%emt 0:09:52]} Qe5 {[%emt 0:03:12]} 28. Bf1 {[%emt 0:02:09]} e6 {[%emt 0:02:07]} 29. Re3 {[%emt 0:03:07]} Qg7 {[%emt 0:02:26]} 30. dxe6 {[%emt 0:05:38]} 1/2-1/2

[Event "BL 2018-19"]
[Site "Berlin"]
[Date "2019.03.01"]
[Round "9.14"]
[White "Zelbel, Patrick"]
[Black "Werle, Jan"]
[Result "0-1"]
[WhiteElo "2439"]
[BlackElo "2528"]
[Annotator "ChessBase"]
[PlyCount "76"]
[EventDate "2018.11.10"]
[EventType "team-tourn"]
[EventCountry "GER"]
[SourceTitle "playchess.com"]
[Source "ChessBase"]
[SourceQuality "1"]
[WhiteTeam "Muelheim"]
[BlackTeam "Werder Bremen"]
[TimeControl "40/6000+30:3000+30"]

1. e4 {[%emt 0:00:00]} e6 {[%emt 0:00:00]} 2. d4 {[%emt 0:00:00]} d5 {[%emt 0:00:00]} 3. Nd2 {[%emt 0:00:11]} Be7 4. Ngf3 {[%emt 0:01:10]} Nf6 {[%emt 0:01:20]} 5. e5 {[%emt 0:00:26]} Nfd7 {[%emt 0:00:03]} 6. Bd3 {[%emt 0:00:23]} c5 {[%emt 0:00:58]} 7. c3 {[%emt 0:00:07]} b6 {[%emt 0:03:06]} 8. O-O {[%emt 0:02:33]} Ba6 {[%emt 0:01:05]} 9. Ne1 {[%emt 0:03:28]} Qc8 {[%emt 0:06:58]} 10. f4 {[%emt 0:07:02]} g6 {[%emt 0:04:36]} 11. g4 {[%emt 0:01:34]} Nc6 {[%emt 0:09:20]} 12. Ndf3 {[%emt 0:03:19]} Bxd3 {[%emt 0:13:36]} 13. Nxd3 {[%emt 0:12:36]} c4 {[%emt 0:06:43]} 14. Nde1 {[%emt 0:01:14]} h5 {[%emt 0:04:19]} 15. h3 {[%emt 0:03:34]} b5 {[%emt 0:01:17]} 16. a3 {[%emt 0:02:44]} Nb6 {[%emt 0:00:37]} 17. Ng2 {[%emt 0:04:04]} hxg4 {[%emt 0:01:57]} 18. hxg4 {[%emt 0:00:02]} Qd7 {[%emt 0:02:19]} 19. Ne3 {[%emt 0:12:43]} Na5 {[%emt 0:03:26]} 20. Bd2 {[%emt 0:09:37]} Nb3 {[%emt 0:00:19]} 21. Rb1 {[%emt 0:00:04]} Nxd2 {[%emt 0:00:55]} 22. Qxd2 {[%emt 0:01:26]} O-O-O {[%emt 0:01:22]} 23. Kg2 {[%emt 0:03:44]} Kb7 {[%emt 0:03:20]} 24. Qc2 {[%emt 0:07:07]} Ka8 {[%emt 0:06:25]} 25. Rh1 {[%emt 0:02:17]} Qc8 {[%emt 0:00:33]} 26. f5 {[%emt 0:08:27]} gxf5 {[%emt 0:04:14]} 27. gxf5 {[%emt 0:00:01]} f6 {[%emt 0:00:58]} 28. Kf2 {[%emt 0:07:40]} fxe5 {[%emt 0:06:21]} 29. dxe5 {[%emt 0:02:00]} exf5 {[%emt 0:01:17]} 30. Qxf5 {[%emt 0:05:46]} Qb7 {[%emt 0:00:07]} 31. Rxh8 {[%emt 0:00:11]} Rxh8 {[%emt 0:00:03]} 32. Qe6 {[%emt 0:01:26]} Rf8 {[%emt 0:07:54]} 33. Ke2 {[%emt 0:06:27]} Bc5 {[%emt 0:03:23]} 34. Nd4 {[%emt 0:00:08]} Qh7 {[%emt 0:03:27]} 35. Ndf5 {[%emt 0:02:01]} Qh2+ {[%emt 0:00:53]} 36. Kd1 {[%emt 0:01:48]} Rh8 {[%emt 0:03:33]} 37. Qc6+ {[%emt 0:00:35]} Kb8 {[%emt 0:00:03]} 38. Qxc5 {[%emt 0:00:29]} Qh1+ {[%emt 0:00:46]} 0-1

[Event "BL 2018-19"]
[Site "Berlin"]
[Date "2019.03.01"]
[Round "9.14"]
[White "Schuh, Dirk"]
[Black "Nikolic, Predrag"]
[Result "0-1"]
[WhiteElo "2395"]
[BlackElo "2576"]
[Annotator "ChessBase"]
[PlyCount "47"]
[EventDate "2018.11.10"]
[EventType "team-tourn"]
[EventCountry "GER"]
[SourceTitle "playchess.com"]
[Source "ChessBase"]
[SourceQuality "1"]
[WhiteTeam "Duesseldorf"]
[BlackTeam "Solingen"]
[TimeControl "40/6000+30:3000+30"]

1. e4 {[%emt 0:00:00]} e6 {[%emt 0:00:00]} 2. d4 {[%emt 0:00:00]} d5 {[%emt 0:00:00]} 3. Nd2 {[%emt 0:00:00]} c5 {[%emt 0:00:19]} 4. exd5 {[%emt 0:00:21]} exd5 {[%emt 0:00:06]} 5. Ngf3 {[%emt 0:00:17]} a6 {[%emt 0:00:30]} 6. Be2 {[%emt 0:00:31]} Nf6 {[%emt 0:00:29]} 7. O-O {[%emt 0:00:44]} c4 {[%emt 0:00:06]} 8. b3 {[%emt 0:05:19]} cxb3 {[%emt 0:03:11]} 9. axb3 {[%emt 0:01:18]} Be7 {[%emt 0:00:08]} 10. Re1 {[%emt 0:01:09]} O-O {[%emt 0:00:07]} 11. Ne5 {[%emt 0:06:01]} Qc7 {[%emt 0:00:12]} 12. Bd3 {[%emt 0:02:05]} Bb4 {[%emt 0:01:53]} 13. Re3 {[%emt 0:03:18]} Nc6 {[%emt 0:06:33]} 14. Ndf3 {[%emt 0:22:44]} Ne7 {[%emt 0:03:26]} 15. Nh4 {[%emt 0:03:59]} Ne4 {[%emt 0:07:04]} 16. Bxe4 {[%emt 0:09:14]} dxe4 {[%emt 0:00:13]} 17. Rxe4 {[%emt 0:00:44]} Nd5 {[%emt 0:03:51]} 18. Bd2 {[%emt 0:14:13]} Bc3 {[%emt 0:06:46]} 19. Rc1 {[%emt 0:01:56]} Be6 {[%emt 0:00:41]} 20. Nd3 {[%emt 0:04:38]} Nf6 {[%emt 0:27:35]} 21. Rf4 {[%emt 0:04:53]} Bg4 {[%emt 0:10:40]} 22. f3 {[%emt 0:10:21]} Be6 {[%emt 0:00:46]} 23. Bxc3 {[%emt 0:06:25]} Qxc3 {[%emt 0:00:08]} 24. Nc5 {[%emt 0:02:39]} 0-1